Представление документа в формате RUSMARC

ПолеНазваниеЗначение
  Тип записи a
  Библиографический уровень m
001 Контрольный номер Book/7456
005 Дата корректировки 20240209174427.5
010 Индекс ISBN __
a ISBN 978-5-9795-0667-8
d Цена 18 р. 00 к.
9 Тираж 50 экз.
090 Данные записи __
a Состояние записи 65.012
b Тип записи Книги
c Язык записи Русский
d Отрасль знаний (КСУ) Другая
e Секретность Несекретно
g Вид записи Монография (однотомник)
x Дата передачи записи для обработки С24
100 Данные общей обработки __
a Данные общей обработки 20101219d2013 u u 1rusy ||||ca
101 Язык документа 0_
a Язык текста rus
105 Кодированные данные (монография) __
a Кодированные данные (монография) a z 000yy
200 Заглавие и сведения об ответственности 1_
a Заглавие Предпринимательство и инновации
f Первые сведения об ответственности М. Г. Светуньков, С. Г. Светуньков
210 Выходные данные 1_
a Место издания Ульяновск
c Издательство УлГТУ
d Дата издания 2010
215 Физическое описание __
a Объем 128 с.
300 Общие примечания __
a Общие примечания Ограничения по возрасту - 18+
606 Тематические рубрики 0_
a Основная рубрика Предпринимательство
606 Тематические рубрики 0_
a Основная рубрика Инновации
610 Ключевые слова 0_
a Ключевые слова экономика
a Ключевые слова предпринимательство
a Ключевые слова инновации
686 Индексы других классификаций __
a Классификационный индекс 65.012.1
2 Код системы rubbk
700 Автор _1
a Фамилия Светуньков
b Имя (инициалы) Максим Геннадьевич
g Полное личное имя М. Г.
701 Альтернативная интеллектуальная ответственность _1
a Фамилия Светуньков
b Имя (инициалы) С. Г.
801 Источник записи _0
a Страна RU
b Организация МБУК ЦБС г. Ульяновска
c Дата составления 20101220
801 Источник записи _1
a Страна RU
b Организация МБУК ЦБС г. Ульяновска
c Дата составления 20101220
899 Данные о местонахождении __
3 Книга № 14118
a Местонахождение 1 ф
i Авторский знак С 24
j Расстановочный фильтр 65.012
d Название фонда Инв.книга №1
q Состояние Свободно
x Инвентарный номер 143379
899 Данные о местонахождении __
3 Книга № 14119
a Местонахождение 18 ф
i Авторский знак С24
d Название фонда Инв.книга №1
h Классификационная часть РШ 65.012
q Состояние Свободно
x Инвентарный номер 143379
901 Тип документа __
t Тип документа m
910 Корректоры записи __
a Корректор записи Тихонова